00871pab a2200181 454500008004000000100002200040245006300062260000900125300001300134362000800147520034900155650002000504700001800524773001600542909001000558999001700568952010400585180718b1999 xxu||||| |||| 00| 0 eng d aBraithwaite, John aRatcheting up and driving down global regulatory standards c1999 ap.109-14 aDec aBased on a large empirical study of the globalization of business regulation, John Braithwaite and Peter Drahos show that both races to the bottom and races to the top are common in the world system. The focus is on understanding ratcheting up mechanisms. Can health NGOs put these to work to lift public health standards globally? - Reproduced aHealth services aDrahos, Peter aDevelopment a43793 c43793d43793 00104070aIIPAbIIPAd2018-07-19hVolume no: 42, Issue no: 4pAR44195r2018-07-19w2018-07-19yAR